[Event "4NCL 2023-24"]
[Site "England ENG"]
[Date "2024.03.16"]
[Round "7.2"]
[Board "3"]
[White "Emms, John M"]
[Black "Ledger, Andrew J"]
[Result "1/2-1/2"]
[WhiteTitle "GM"]
[BlackTitle "IM"]
[WhiteElo "2442"]
[BlackElo "2334"]
[WhiteTeam "Chessable White Rose 1"]
[BlackTeam "Blackthorne"]
[WhiteFideId "400254"]
[BlackFideId "400610"]
[EventDate "2023.11.11"]

1. e4 c6 2. c4 d5 3. cxd5 cxd5 4. exd5 Nf6 5. Nc3 Nxd5 6. Nf3 Nxc3 7. bxc3 g6 8.
d4 Bg7 9. Bd3 O-O 10. O-O Qc7 11. Bg5 Qxc3 12. Bxe7 Re8 13. Rc1 Qa5 14. Rc5 Qb6
15. Qc2 Nc6 16. Rb1 Qc7 17. Bh4 Qd6 18. Bg3 Qd8 19. d5 Ne5 20. Nxe5 Bxe5 21.
Bxe5 Rxe5 22. d6 Re6 23. h3 Rxd6 24. Be4 Rb8 25. a3 Rd2 26. Qc3 Be6 27. Rc7 Rd1+
28. Rxd1 Qxd1+ 29. Kh2 Qd6+ 30. Qg3 Qxg3+ 1/2-1/2

[Event "4NCL 2023-24"]
[Site "England ENG"]
[Date "2024.03.16"]
[Round "7.2"]
[Board "4"]
[White "Bates, Richard A"]
[Black "Palliser, Richard J D"]
[Result "0-1"]
[WhiteTitle "IM"]
[BlackTitle "IM"]
[WhiteElo "2318"]
[BlackElo "2375"]
[WhiteTeam "Blackthorne"]
[BlackTeam "Chessable White Rose 1"]
[WhiteFideId "403555"]
[BlackFideId "407372"]
[EventDate "2023.11.11"]

1. d4 Nf6 2. Nf3 g6 3. g3 Bg7 4. Bg2 c5 5. c4 O-O 6. Nc3 cxd4 7. Nxd4 Qc7 8. Bf4
Qxc4 9. Rc1 Nc6 10. Nb3 Qb4 11. O-O d6 12. e4 Bg4 13. Qd2 Rac8 14. h3 Be6 15.
Na1 Nd7 16. a3 Qa5 17. Rfd1 Nde5 18. Qe2 Nc4 19. Nd5 Nxb2 20. Rd2 Bxd5 21. exd5
Nd4 22. Rxd4 Bxd4 23. Nb3 Rxc1+ 24. Bxc1 Qc3 25. Nxd4 Qxc1+ 26. Bf1 Rc8 27. Qxe7
Nc4 28. Kg2 Qd2 29. Qxb7 Ne3+ 30. Kf3 Rc3 31. Ne2 Nxf1+ 32. Nxc3 Qxc3+ 33. Kg2
Nd2 34. Qb8+ Kg7 35. Qxd6 Qd4 36. Qc6 Ne4 0-1

[Event "4NCL 2023-24"]
[Site "England ENG"]
[Date "2024.03.16"]
[Round "7.2"]
[Board "5"]
[White "Toczek, Grzegorz"]
[Black "Ledger, Dave J"]
[Result "0-1"]
[WhiteTitle "FM"]
[BlackTitle "FM"]
[WhiteElo "2299"]
[BlackElo "2207"]
[WhiteTeam "Chessable White Rose 1"]
[BlackTeam "Blackthorne"]
[WhiteFideId "1106457"]
[BlackFideId "401986"]
[EventDate "2023.11.11"]

1. e4 e5 2. Nf3 Nc6 3. Bc4 Nf6 4. d4 exd4 5. e5 d5 6. Bb5 Nd7 7. O-O Be7 8. Bxc6
bxc6 9. Nxd4 Nb8 10. Nc3 O-O 11. Qf3 Qd7 12. Rd1 Qg4 13. Qxg4 Bxg4 14. f3 Bd7
15. g4 Re8 16. Kg2 Na6 17. a3 c5 18. Nf5 c6 19. b3 Bf8 20. Bf4 Nc7 21. Na4 Ne6
22. Bg3 Rad8 23. Nd6 Bxd6 24. exd6 f5 25. Rd2 fxg4 26. fxg4 Ng5 27. Bh4 h6 28.
Bxg5 hxg5 29. h3 Be6 30. Nxc5 Bc8 31. d7 Bxd7 32. Rf1 Re5 33. Rff2 Be6 34. Rfe2
Rxe2+ 35. Rxe2 Bf7 36. Re5 d4 37. Rxg5 Re8 38. Rf5 Re3 39. Rf2 Bd5+ 40. Kh2 Rc3
41. Na4 Re3 42. Rd2 Kf7 43. Nc5 Kf6 44. h4 Ke5 45. Nd3+ Ke4 46. Rf2 Rxd3 47.
cxd3+ Kxd3 48. Kg1 Ke3 49. Kf1 d3 50. Ke1 Bxb3 51. Rh2 Bd5 52. h5 c5 53. g5 Bf3
54. h6 gxh6 55. gxh6 c4 56. Rd2 c3 57. Rxd3+ Kxd3 58. h7 c2 59. h8=Q c1=Q+ 60.
Kf2 Qe3+ 61. Kg3 Be4+ 62. Kh4 Qf4+ 63. Kh3 Qf3+ 0-1

[Event "4NCL 2023-24"]
[Site "England ENG"]
[Date "2024.03.16"]
[Round "7.2"]
[Board "6"]
[White "Eames, Robert S"]
[Black "Wall, Tim P"]
[Result "0-1"]
[WhiteTitle "FM"]
[BlackTitle "FM"]
[WhiteElo "2148"]
[BlackElo "2191"]
[WhiteTeam "Blackthorne"]
[BlackTeam "Chessable White Rose 1"]
[WhiteFideId "408743"]
[BlackFideId "401641"]
[EventDate "2023.11.11"]

1. e4 Nf6 2. e5 Nd5 3. d4 d6 4. c4 Nb6 5. f4 g6 6. Nc3 Bg7 7. Be3 Be6 8. Nf3 O-O
9. b3 c5 10. dxc5 N6d7 11. Rc1 dxe5 12. fxe5 Nxe5 13. Nxe5 Bxe5 14. Qxd8 Rxd8
15. Be2 Nc6 16. O-O Nd4 17. Bd1 Rac8 18. Na4 Nf5 19. Bf2 Rd2 20. Rc2 Rd7 21. Re2
Bf6 22. g4 Nd4 23. Ree1 Rcd8 24. h3 h6 25. Kg2 Nc6 26. Bf3 Rd2 27. Rd1 Rxa2 28.
Rxd8+ Nxd8 29. Rd1 Nc6 30. Bxc6 bxc6 31. Rd8+ Kg7 32. Kf3 Ra3 0-1

[Event "4NCL 2023-24"]
[Site "England ENG"]
[Date "2024.03.16"]
[Round "7.2"]
[Board "7"]
[White "Navrotescu, Andreea"]
[Black "Varney, Zoe"]
[Result "1-0"]
[WhiteTitle "WGM"]
[BlackTitle "WCM"]
[WhiteElo "2200"]
[BlackElo "2105"]
[WhiteTeam "Chessable White Rose 1"]
[BlackTeam "Blackthorne"]
[WhiteFideId "675946"]
[BlackFideId "436135"]
[EventDate "2023.11.11"]

1. c4 e6 2. Nc3 d5 3. d4 a6 4. cxd5 exd5 5. Qb3 Bd6 6. Qxd5 Nf6 7. Qb3 c5 8. Be3
cxd4 9. Bxd4 Nc6 10. Nf3 O-O 11. Rd1 Nxd4 12. Nxd4 b5 13. e3 Ng4 14. Be2 Qh4 15.
g3 Qh6 16. Qd5 Qf6 17. O-O Qh6 18. Nf3 Bb4 19. Qxa8 Nxe3 20. Qe4 Nxf1 21. Qxb4
Nxg3 22. fxg3 Qe3+ 23. Kg2 Re8 24. Qf4 Qe6 25. Ng5 Bb7+ 26. Bf3 Bxf3+ 27. Qxf3
Qg6 28. Qxf7+ Qxf7 29. Nxf7 Kxf7 30. Kf3 Re6 31. Rd7+ Kg6 32. Ne4 Kf5 33. Rd5+
Re5 34. Rxe5+ Kxe5 35. Ke3 h6 36. Nc5 a5 37. Nb3 a4 38. Nd4 a3 39. bxa3 g5 40.
Nxb5 h5 41. a4 Kf5 42. a5 h4 43. a6 Kg4 44. a7 Kh3 45. a8=Q Kxh2 46. gxh4 gxh4
47. Qg8 1-0

[Event "4NCL 2023-24"]
[Site "England ENG"]
[Date "2024.03.16"]
[Round "7.2"]
[Board "8"]
[White "Duncan, Chris R"]
[Black "Dunn, Andrew"]
[Result "1/2-1/2"]
[WhiteTitle "FM"]
[BlackTitle "CM"]
[WhiteElo "2161"]
[BlackElo "2050"]
[WhiteTeam "Blackthorne"]
[BlackTeam "Chessable White Rose 1"]
[WhiteFideId "403091"]
[BlackFideId "401960"]
[EventDate "2023.11.11"]

1. d4 d5 2. c4 e6 3. Nc3 Nf6 4. Nf3 Be7 5. Bf4 a6 6. e3 O-O 7. Qc2 c5 8. dxc5
Bxc5 9. Rd1 Qa5 10. Nd2 Bb4 11. Bd3 Nc6 12. O-O e5 13. Bg3 Bxc3 14. bxc3 e4 15.
Be2 Be6 16. Nb3 Qa4 17. c5 Rac8 18. Rb1 Na5 19. Rfd1 Rfd8 20. Rd4 Nc4 21. Qd1
Rd7 22. Be5 Ne8 23. h4 Rcd8 24. Bf4 Qc6 25. Qc1 1/2-1/2

[Event "4NCL 2023-24"]
[Site "England ENG"]
[Date "2024.03.16"]
[Round "7.3"]
[Board "1"]
[White "Speelman, Jon S"]
[Black "Townsend, M Paul"]
[Result "1-0"]
[WhiteTitle "GM"]
[WhiteElo "2500"]
[BlackElo "2160"]
[WhiteTeam "Wood Green"]
[BlackTeam "Chessable White Rose 2"]
[WhiteFideId "400033"]
[BlackFideId "402320"]
[EventDate "2023.11.11"]

1. d4 e6 2. Nf3 d5 3. c4 Nf6 4. Nc3 a6 5. cxd5 exd5 6. Bg5 Be6 7. e3 Nbd7 8. Be2
Bd6 9. O-O c6 10. Qc2 Qc7 11. Bh4 O-O 12. Bg3 Bg4 13. Rac1 Bh5 14. Bd3 Bg6 15.
Bxg6 hxg6 16. b4 Bxg3 17. hxg3 Nb6 18. a4 Rfc8 19. a5 Nc4 20. e4 dxe4 21. Nxe4
Nxe4 22. Qxe4 Nd6 23. Qg4 Re8 24. d5 Re4 25. Qh3 Qc8 26. dxc6 bxc6 27. Qxc8+
Rxc8 28. Rfd1 Nb5 29. Rxc6 1-0

[Event "4NCL 2023-24"]
[Site "England ENG"]
[Date "2024.03.16"]
[Round "7.3"]
[Board "2"]
[White "Chow, Samuel"]
[Black "Turner, Matthew J"]
[Result "1/2-1/2"]
[WhiteTitle "FM"]
[BlackTitle "GM"]
[WhiteElo "2356"]
[BlackElo "2454"]
[WhiteTeam "Chessable White Rose 2"]
[BlackTeam "Wood Green"]
[WhiteFideId "3202992"]
[BlackFideId "402893"]
[EventDate "2023.11.11"]

1. d4 Nf6 2. c4 e6 3. Nf3 b6 4. g3 Ba6 5. b3 Bb4+ 6. Bd2 Be7 7. Nc3 d5 8. cxd5
exd5 9. Bg2 O-O 10. O-O Nbd7 11. a3 c6 12. Bf4 Rc8 13. b4 Ne4 14. Nxe4 dxe4 15.
Ne5 Nxe5 16. dxe5 g5 1/2-1/2

[Event "4NCL 2023-24"]
[Site "England ENG"]
[Date "2024.03.16"]
[Round "7.3"]
[Board "3"]
[White "Harvey, Marcus R"]
[Black "Chan, Sheng Liang Bernard"]
[Result "1-0"]
[WhiteTitle "IM"]
[WhiteElo "2468"]
[BlackElo "2082"]
[WhiteTeam "Wood Green"]
[BlackTeam "Chessable White Rose 2"]
[WhiteFideId "400092"]
[BlackFideId "5712858"]
[EventDate "2023.11.11"]

1. c4 Nf6 2. Nc3 e5 3. g3 c6 4. d4 exd4 5. Qxd4 Na6 6. Bg2 Bc5 7. Qd2 O-O 8. e3
Re8 9. Nge2 Ng4 10. Nf4 Ne5 11. Qe2 d6 12. h3 Bf5 13. g4 Be6 14. Nxe6 Rxe6 15.
O-O Ng6 16. Ne4 Bb6 17. Ng3 Nf4 18. Qf3 Nxg2 19. Qxg2 Qf6 20. Rb1 Nb4 21. Nh5
Qe5 22. Nf4 Ree8 23. a3 Na6 24. b4 Qe4 25. Bb2 Qxg2+ 26. Kxg2 Nc7 27. Nh5 Ne6
28. Rbd1 Red8 29. Rd3 a5 30. Rfd1 axb4 31. axb4 Ra2 32. Bc3 Rc2 33. R1d2 Rc1 34.
f4 f6 35. h4 d5 36. c5 Bxc5 37. Bb2 Rb1 38. bxc5 Nxc5 39. Ra3 Rd7 40. Bxf6 Ne4
41. Rb2 1-0

[Event "4NCL 2023-24"]
[Site "England ENG"]
[Date "2024.03.16"]
[Round "7.3"]
[Board "4"]
[White "Carroll, Thomas"]
[Black "Murphy, Conor E"]
[Result "1-0"]
[BlackTitle "IM"]
[WhiteElo "2047"]
[BlackElo "2484"]
[WhiteTeam "Chessable White Rose 2"]
[BlackTeam "Wood Green"]
[WhiteFideId "450111"]
[BlackFideId "421669"]
[EventDate "2023.11.11"]

1. d4 d5 2. c4 e6 3. Nc3 Be7 4. cxd5 exd5 5. Bf4 c6 6. Qc2 Nf6 7. e3 Nbd7 8. Bd3
Nh5 9. Nge2 Nxf4 10. Nxf4 Bd6 11. O-O-O Nf6 12. Kb1 Qc7 13. Rhe1 O-O 14. g3 Bg4
15. Rc1 Qd7 16. h3 Bf3 17. g4 Rfe8 18. Nh5 Ne4 19. Nxe4 Bxe4 20. f3 Bxd3 21.
Qxd3 Re6 22. g5 Rae8 23. Qf5 Kh8 24. Nf4 g6 25. Qg4 R6e7 26. Ng2 Kg7 27. Re2 Qe6
28. Qxe6 Rxe6 29. Kc2 h6 30. gxh6+ Kxh6 31. Kd3 Rf6 32. f4 Kg7 33. Rh1 Rh8 34.
Ne1 Rf5 35. Nf3 Rfh5 36. h4 Be7 37. Reh2 b6 38. Ke2 c5 39. dxc5 bxc5 40. Kf2 Bf6
41. Kg3 Re8 42. Re1 Re4 43. Ng5 Rb4 44. Rd2 d4 45. exd4 cxd4 46. Rc1 Rb7 47.
Rdc2 Re7 48. Rf1 Rh8 49. Rf3 Rhe8 50. f5 Re2 51. Rxe2 Rxe2 52. Rb3 gxf5 53. Rb7
Kg6 54. Rxa7 Rxb2 55. Nf3 Rb4 56. a4 d3 57. Rd7 Rxa4 58. Rxd3 Rg4+ 59. Kh3 Re4
60. Kg3 Be7 61. Rd5 Re6 62. Nd4 Re3+ 63. Nf3 Bb4 64. Kf4 Re4+ 65. Kg3 Re6 66.
h5+ Kf6 67. Nd4 Bd6+ 68. Kf3 Re4 69. Rxf5+ 1-0

[Event "4NCL 2023-24"]
[Site "England ENG"]
[Date "2024.03.16"]
[Round "7.3"]
[Board "5"]
[White "Arakhamia-Grant, Ketevan"]
[Black "Gayson, Peter M"]
[Result "1-0"]
[WhiteTitle "GM"]
[BlackTitle "FM"]
[WhiteElo "2290"]
[BlackElo "2114"]
[WhiteTeam "Wood Green"]
[BlackTeam "Chessable White Rose 2"]
[WhiteFideId "13600168"]
[BlackFideId "401838"]
[EventDate "2023.11.11"]

1. e4 c5 2. Nf3 e6 3. Nc3 a6 4. d4 cxd4 5. Nxd4 Nc6 6. Nxc6 bxc6 7. Bd3 d5 8.
O-O Nf6 9. Re1 dxe4 10. Nxe4 Be7 11. Qf3 Bd7 12. Bf4 O-O 13. Rad1 Nd5 14. Bd6 f5
15. Bxe7 Qxe7 16. Ng3 g6 17. c4 Nf6 18. Bxf5 Rad8 19. Bd3 e5 20. Qe2 Ng4 21. Ne4
Bf5 22. h3 Bxe4 23. hxg4 Bxd3 24. Rxd3 Rxd3 25. Qxd3 Qc5 26. Qe2 Rf4 27. b3 Kf7
28. g3 Rf6 29. Kg2 Re6 30. Rh1 Kg8 31. Rd1 Rd6 32. Re1 Re6 33. Qe4 Qb4 34. Re2
a5 35. Qd3 Qe7 36. Re4 Kg7 37. Qc3 Qc5 38. f4 Kf7 39. fxe5 g5 40. Re2 h6 41.
Qf3+ Kg7 42. Qf5 Qe7 43. c5 Qd7 44. Qe4 Qd1 45. Rf2 Qd7 46. a3 Qe7 47. Qd4 Qe8
48. b4 axb4 49. axb4 Kg6 50. Rf5 Qe7 51. Kf3 Qe8 52. Ke4 Qe7 53. Kd3 Qe8 54. Kc3
Qa8 55. Kb3 Qe8 56. Qe4 Kg7 57. Qd3 Qe7 58. Qd4 Qe8 59. Rf6 Rxf6 60. exf6+ Kg6
61. b5 cxb5 62. Kb4 Qc6 63. Qe5 Qh1 64. Qe7 Qb1+ 65. Ka5 Qa2+ 66. Kb6 Qg8 67.
Qg7+ Qxg7 68. fxg7 Kxg7 69. c6 1-0

[Event "4NCL 2023-24"]
[Site "England ENG"]
[Date "2024.03.16"]
[Round "7.3"]
[Board "6"]
[White "Walton, Alan J"]
[Black "Greet, Andrew N"]
[Result "1-0"]
[WhiteTitle "CM"]
[BlackTitle "IM"]
[WhiteElo "2021"]
[BlackElo "2408"]
[WhiteTeam "Chessable White Rose 2"]
[BlackTeam "Wood Green"]
[WhiteFideId "409898"]
[BlackFideId "405817"]
[EventDate "2023.11.11"]

1. d4 f5 2. g3 Nf6 3. Bg2 e6 4. c4 d5 5. b3 Bb4+ 6. Bd2 Bd6 7. Nc3 c6 8. Nh3 O-O
9. O-O Nbd7 10. Qc2 Nh5 11. Rad1 Ndf6 12. f3 dxc4 13. bxc4 c5 14. e3 Bd7 15. Bc1
cxd4 16. exd4 Rc8 17. Ne2 Qe8 18. Qd3 Ba4 19. Rd2 Qc6 20. c5 Bb5 21. Qb3 Bb8 22.
Rb2 Ba6 23. Re1 Qd7 24. Be3 Nd5 25. Bf2 b6 26. Nc3 Nhf6 27. Nxd5 Nxd5 28. f4 Bb7
29. Rbe2 Rf6 30. Ng5 Re8 31. cxb6 axb6 32. Nf3 Bxf4 33. gxf4 Nxf4 34. Ne5 Nxe2+
35. Rxe2 Qc8 36. Rc2 Qa8 37. Bh4 Rh6 38. Bg3 Bxg2 39. Rxg2 Qe4 40. Qxb6 f4 41.
Bf2 Rf6 42. h4 f3 43. Rg4 Qe2 44. Qb7 g6 45. Qe4 Rb8 46. Nd7 Qd1+ 47. Kh2 Rb2
48. Nxf6+ Kf7 49. Kg3 Qh1 50. Qxf3 Qxf3+ 51. Kxf3 Kxf6 52. d5 e5 53. Ra4 Rd2 54.
Ra6+ Kf5 55. d6 e4+ 56. Ke3 Rd3+ 57. Ke2 Kf4 58. Bc5 1-0

[Event "4NCL 2023-24"]
[Site "England ENG"]
[Date "2024.03.16"]
[Round "7.3"]
[Board "7"]
[White "Toma, Katarzyna"]
[Black "Kueh, Audrey"]
[Result "1/2-1/2"]
[WhiteTitle "WGM"]
[BlackTitle "WFM"]
[WhiteElo "2201"]
[BlackElo "2058"]
[WhiteTeam "Wood Green"]
[BlackTeam "Chessable White Rose 2"]
[WhiteFideId "1119907"]
[BlackFideId "421596"]
[EventDate "2023.11.11"]

1. e4 c6 2. d4 d5 3. exd5 cxd5 4. Bd3 Nc6 5. c3 Qc7 6. Ne2 Bg4 7. O-O e6 8. Qe1
Bd6 9. f3 Bf5 10. Bxf5 exf5 11. Nf4+ Nge7 12. Nxd5 Bxh2+ 13. Kh1 Qd6 14. Nxe7
Nxe7 15. Bg5 Bg3 16. Qxe7+ Qxe7 17. Bxe7 Kxe7 18. Nd2 g5 19. Rfd1 h5 20. Kg1 h4
21. Nf1 Kf6 22. c4 Rae8 1/2-1/2

[Event "4NCL 2023-24"]
[Site "England ENG"]
[Date "2024.03.16"]
[Round "7.3"]
[Board "8"]
[White "Edwards-Wright, Miles D"]
[Black "Haydon, David L"]
[Result "0-1"]
[BlackTitle "FM"]
[WhiteElo "1942"]
[BlackElo "2241"]
[WhiteTeam "Chessable White Rose 2"]
[BlackTeam "Wood Green"]
[WhiteFideId "424072"]
[BlackFideId "415405"]
[EventDate "2023.11.11"]

1. e4 Nf6 2. Nc3 e5 3. Nf3 Nc6 4. Bc4 Bc5 5. O-O d6 6. h3 a6 7. a4 Be6 8. Qe2
O-O 9. Nd5 Bxd5 10. exd5 Ne7 11. d4 exd4 12. Bg5 Ng6 13. Rfe1 h6 14. Bd2 Nd7 15.
b4 Ba7 16. Rad1 Qf6 17. Bc1 Nde5 18. Nxe5 Nxe5 19. Bd3 Rae8 20. f4 Nxd3 21. Qxd3
Re7 22. Rxe7 Qxe7 23. Bd2 Re8 24. Re1 Qd7 25. Rxe8+ Qxe8 26. a5 g6 27. g4 c6 28.
dxc6 Qxc6 29. Kh2 d5 30. f5 g5 31. Be1 Bb8+ 32. Kg2 Be5 33. Kf3 Bf6 34. Bf2 Qc7
35. Bg3 Qe7 36. Qd2 Qe4+ 37. Kf2 Be5 38. Qd3 Bxg3+ 39. Qxg3 Qxc2+ 40. Kf1 Qd1+
41. Kf2 Qd2+ 42. Kf1 Qe3 43. Qb8+ Kg7 44. f6+ Kg6 45. Qg8+ Kxf6 46. Qh8+ Ke7 47.
Qxh6 d3 0-1

[Event "4NCL 2023-24"]
[Site "England ENG"]
[Date "2024.03.16"]
[Round "7.4"]
[Board "1"]
[White "Kirk, Ezra"]
[Black "Claridge-Hansen, William"]
[Result "1/2-1/2"]
[WhiteTitle "IM"]
[BlackTitle "FM"]
[WhiteElo "2407"]
[BlackElo "2366"]
[WhiteTeam "Cheddleton"]
[BlackTeam "Oxford 1"]
[WhiteFideId "600067"]
[BlackFideId "422509"]
[EventDate "2023.11.11"]

1. d4 Nf6 2. c4 e6 3. g3 d5 4. Bg2 Be7 5. Nf3 O-O 6. O-O dxc4 7. Nbd2 b5 8. a4
c6 9. Qc2 Nd5 10. Ne4 h6 11. b3 Nb4 12. Qb2 cxb3 13. Qxb3 a5 14. Ba3 N8a6 15.
Rfc1 Rb8 16. Ne5 Qxd4 17. Bb2 bxa4 18. Rxa4 Nd5 19. Bxd4 Rxb3 20. Nxc6 Bb4 21.
Nxa5 Bd7 22. Raa1 Ra3 23. Rxa3 Bxa3 24. Ra1 Be7 25. Nb7 Rb8 26. Nec5 Nxc5 27.
Nxc5 Bc6 28. Rc1 Ba8 29. Nd3 Nf6 30. Be5 Re8 31. Rc7 Bxg2 32. Kxg2 1/2-1/2

[Event "4NCL 2023-24"]
[Site "England ENG"]
[Date "2024.03.16"]
[Round "7.4"]
[Board "2"]
[White "Powierski, Emil"]
[Black "Boswell, Jacob Connor"]
[Result "1/2-1/2"]
[WhiteElo "2288"]
[BlackElo "2254"]
[WhiteTeam "Oxford 1"]
[BlackTeam "Cheddleton"]
[WhiteFideId "4656199"]
[BlackFideId "427110"]
[EventDate "2023.11.11"]

1. e4 c5 2. c3 Nf6 3. e5 Nd5 4. Nf3 d6 5. d4 cxd4 6. exd6 e6 7. Nxd4 Bxd6 8. g3
Nc6 9. Bg2 Nxd4 10. Qxd4 O-O 11. O-O Qc7 12. c4 Nf6 13. Nc3 Bd7 14. Rd1 Be5 15.
Qe3 Rfd8 16. Re1 Bd6 17. b3 Bc6 18. Bb2 Bxg2 19. Kxg2 Bc5 20. Qf3 Rd2 21. Re2
Rad8 22. Rae1 R2d3 23. Nb5 Qb8 24. Be5 Rxf3 25. Bxb8 Rxf2+ 26. Rxf2 Bxf2 27.
Kxf2 Rxb8 28. Ke3 a6 29. Nd6 Kf8 30. c5 Ke7 31. Rc1 b6 32. Ne4 Nxe4 33. Kxe4
bxc5 34. Rxc5 Kd6 35. Rc2 f5+ 36. Ke3 e5 37. Rd2+ Ke6 38. Rc2 Rb6 39. Rc8 Kd5
40. Rc7 Rg6 41. Rf7 Rg5 42. Rd7+ Kc5 43. Re7 e4 44. Rc7+ Kb4 45. Kf4 Rh5 46. h4
g6 47. Rc6 a5 48. Rc4+ Kb5 49. a4+ Kb6 50. b4 axb4 51. Rxb4+ Ka5 52. Rc4 h6 53.
Rc6 g5+ 54. hxg5 Rxg5 55. Rxh6 Rg4+ 56. Kxf5 Rxg3 57. Kxe4 Kxa4 1/2-1/2

[Event "4NCL 2023-24"]
[Site "England ENG"]
[Date "2024.03.16"]
[Round "7.4"]
[Board "3"]
[White "Eggleston, David J"]
[Black "Hobson, Kenneth"]
[Result "1/2-1/2"]
[WhiteTitle "IM"]
[BlackTitle "CM"]
[WhiteElo "2341"]
[BlackElo "2120"]
[WhiteTeam "Cheddleton"]
[BlackTeam "Oxford 1"]
[WhiteFideId "412120"]
[BlackFideId "480819"]
[EventDate "2023.11.11"]

1. e4 e5 2. Nf3 Nc6 3. Bb5 a6 4. Ba4 Nf6 5. O-O b5 6. Bb3 Bc5 7. a4 Rb8 8. axb5
axb5 9. Nxe5 Nxe5 10. d4 Bxd4 11. Qxd4 d6 12. f4 Nc6 13. Qc3 Ne7 14. Qd3 O-O 15.
Nc3 Qd7 16. e5 dxe5 17. fxe5 Qxd3 18. cxd3 Ng4 19. d4 b4 20. Ne4 Nf5 21. Ng5
Ngh6 22. d5 Nd4 23. Bc4 Ng4 24. Bf4 h6 25. Nf3 Nc2 26. Ra7 g5 27. Bg3 Nce3 28.
Rc1 Nxc4 29. Rxc4 Ne3 30. Rc5 Rb7 31. Raa5 Nf5 32. Bf2 Re8 33. h3 Ne7 34. Nd2
Ng6 35. Nc4 Bd7 36. Bg3 b3 37. d6 c6 38. Ra3 Reb8 39. Na5 Rb5 40. Rxb5 Rxb5 41.
Nxb3 Nxe5 42. Bxe5 Rxe5 43. Ra7 Rb5 44. Na5 Rd5 45. Rxd7 Rxa5 46. Rc7 Rd5 47.
Rxc6 Kf8 48. Kf2 Ke8 49. Ke3 Rb5 50. Rc2 Kd7 51. Rd2 Re5+ 52. Kf3 f5 53. b4 Re4
54. b5 Rb4 55. Rd5 Rb3+ 56. Kf2 f4 57. Kf1 Rb2 58. Kg1 Re2 59. h4 gxh4 60. Rf5
Rb2 61. Kh2 Kxd6 62. Rxf4 Rxb5 63. Rf6+ Ke5 64. Rxh6 Kf4 65. Rxh4+ Kg5 66. Ra4
Rb3 67. g3 Rb2+ 68. Kh3 Rb5 69. Ra8 Kg6 70. Kh4 Rb4+ 71. g4 Kg7 72. Ra5 Kg6 73.
Ra6+ Kg7 74. Re6 Rb5 75. Re4 Ra5 76. Rb4 Kg6 77. g5 Ra7 78. Rb6+ Kg7 79. Kh5 Rc7
80. Rg6+ Kh7 81. Ra6 Rb7 82. Ra5 Kg7 83. g6 Rc7 84. Kg5 Rb7 85. Rf5 Ra7 86. Rf7+
Rxf7 87. gxf7 Kxf7 1/2-1/2

[Event "4NCL 2023-24"]
[Site "England ENG"]
[Date "2024.03.16"]
[Round "7.4"]
[Board "4"]
[White "Arora, Tashika"]
[Black "Arkell, Keith C"]
[Result "1/2-1/2"]
[BlackTitle "GM"]
[WhiteElo "1934"]
[BlackElo "2371"]
[WhiteTeam "Oxford 1"]
[BlackTeam "Cheddleton"]
[WhiteFideId "459305"]
[BlackFideId "400270"]
[EventDate "2023.11.11"]

1. d4 e6 2. c4 Bb4+ 3. Bd2 a5 4. g3 d6 5. Bg2 e5 6. a3 Bxd2+ 7. Qxd2 exd4 8.
Qxd4 Nf6 9. Nc3 O-O 10. Nf3 Nc6 11. Qd3 Nd7 12. b3 Nc5 13. Qc2 Bg4 14. Rd1 Qd7
15. O-O Qf5 16. Qa2 Bxf3 17. Bxf3 Ne5 18. Bg2 Rfe8 19. Nd5 Qd7 20. Qc2 Qd8 21.
b4 axb4 22. axb4 Ncd7 23. Ra1 Rxa1 24. Rxa1 c6 25. Ne3 Nf6 26. Rd1 Qc7 27. Nf5
Rd8 28. f4 Ng6 29. Qd2 Ne8 30. e4 Ne7 31. Nxe7+ Qxe7 32. c5 Qe6 33. Qd3 g6 34.
b5 Qa2 35. b6 Qb2 36. Qd4 Qxd4+ 37. Rxd4 Kf8 38. cxd6 c5 39. Rd1 Rxd6 40. Rxd6
Nxd6 41. e5 Nc4 42. Bxb7 Nxb6 43. Kf2 f6 44. exf6 Kf7 45. g4 Kxf6 46. Kf3 Nc4
47. Bd5 Nd6 48. h4 h5 49. g5+ Ke7 50. Kg3 Nf5+ 51. Kh3 Ne3 52. Be4 c4 53. Bxg6
c3 54. Kg3 c2 55. Bxc2 Nxc2 56. f5 Nb4 57. Kf4 Kf7 58. Ke4 Nc6 59. Kd5 Ne7+ 60.
Ke5 Nc6+ 61. Kd5 Ne7+ 1/2-1/2

[Event "4NCL 2023-24"]
[Site "England ENG"]
[Date "2024.03.16"]
[Round "7.4"]
[Board "5"]
[White "Van Dael, Siem"]
[Black "Khoury, Theo"]
[Result "0-1"]
[WhiteTitle "FM"]
[WhiteElo "2320"]
[BlackElo "2113"]
[WhiteTeam "Cheddleton"]
[BlackTeam "Oxford 1"]
[WhiteFideId "1049771"]
[BlackFideId "480703"]
[EventDate "2023.11.11"]

1. e4 c5 2. c3 Nf6 3. e5 Nd5 4. Nf3 d6 5. exd6 Qxd6 6. Na3 Nc6 7. d4 cxd4 8. Bc4
a6 9. O-O e6 10. Re1 Be7 11. Bb3 O-O 12. Nxd4 Rd8 13. Nc4 Qc7 14. Nxc6 bxc6 15.
Qh5 Bb7 16. Ne5 Bd6 17. Ng4 Bf4 18. c4 Ne7 19. Bc2 Ng6 20. Be3 f5 21. Bc5 fxg4
22. Rxe6 Rd2 23. Bf5 Rad8 24. g3 Bc8 25. Rae1 Rd1 26. Qxg4 Rxe1+ 27. Rxe1 Bxf5
28. Qxf5 Be5 29. h4 Bf6 30. b3 Ne5 31. Qe6+ Kh8 32. Kg2 h6 33. Re4 Nd3 34. Be3
Qd6 35. Qxd6 Rxd6 36. c5 Rd8 37. Ra4 Ra8 38. Kf3 Kg8 39. Ke2 Ne5 40. Rb4 Kf7 41.
Re4 Nd7 42. Kf3 Be7 43. Rf4+ Kg8 44. Re4 Bxc5 45. Bxc5 Nxc5 46. Rc4 Ne6 47. Ke4
c5 48. Kd5 Kf7 49. Kc6 Rd8 50. f4 Kf6 51. g4 g6 52. Ra4 Rd4 53. g5+ hxg5 54.
fxg5+ Kf5 55. Rxa6 Rxh4 56. a4 Nd4+ 57. Kxc5 Nxb3+ 58. Kb5 Re4 59. Rd6 Kxg5 60.
Rd5+ Kf4 61. Rd1 Re5+ 62. Kb4 Na5 63. Rf1+ Kg4 64. Rg1+ Kf5 65. Rf1+ Ke6 0-1

[Event "4NCL 2023-24"]
[Site "England ENG"]
[Date "2024.03.16"]
[Round "7.4"]
[Board "6"]
[White "Manley, Jon P"]
[Black "Karas, Marek"]
[Result "1/2-1/2"]
[BlackTitle "FM"]
[WhiteElo "2167"]
[BlackElo "2212"]
[WhiteTeam "Oxford 1"]
[BlackTeam "Cheddleton"]
[WhiteFideId "403296"]
[BlackFideId "14928558"]
[EventDate "2023.11.11"]

1. e4 e6 2. d4 d5 3. Nc3 dxe4 4. Nxe4 Nd7 5. Nf3 Ngf6 6. Bd3 Nxe4 7. Bxe4 Nf6 8.
Bd3 c5 9. O-O cxd4 10. Nxd4 Bc5 11. Be3 Bxd4 12. Bxd4 Bd7 13. Qe2 Bc6 14. Be5
Qe7 15. Rfe1 O-O 16. c4 Rad8 17. Bc2 b6 18. a3 Rfe8 19. b4 Nd7 20. Bc3 Qg5 21.
f3 Nf8 22. Qe5 Qxe5 23. Rxe5 f6 24. Ree1 e5 25. Rad1 Ne6 26. Kf2 g6 27. Rxd8
Rxd8 28. Rd1 Rxd1 29. Bxd1 Kf7 30. Ke3 Ke7 31. Bb3 Bd7 32. Bc2 Kd6 33. Bb3 Ng7
34. Bc2 Be6 35. Bd3 Bf5 36. Bf1 g5 37. g3 Bg6 38. Be2 Nf5+ 39. Kd2 Ng7 40. f4
gxf4 41. gxf4 Ne6 42. fxe5+ fxe5 43. Ke3 Ng7 1/2-1/2